[Event "Titled Tuesday intern op 04th Apr Early"]
[Site "Chess.com INT"]
[Date "2023.04.04"]
[Round "2"]
[White "Goncalves, Davi Sulzbacher"]
[Black "Atzl, Florian"]
[Result "1-0"]
[WhiteElo "2282"]
[BlackElo "2145"]
[PlyCount "87"]
[EventDate "2023.04.04"]
[EventType "swiss (blitz)"]
[EventRounds "11"]
[EventCountry "USA"]
[SourceTitle "EXT 2024"]
[Source "ChessBase"]
[SourceDate "2023.10.10"]
[SourceVersion "1"]
[SourceVersionDate "2023.10.10"]
[SourceQuality "1"]

1. e4 c5 2. Nf3 e6 3. d4 cxd4 4. Nxd4 a6 5. Be2 Nf6 6. Nc3 d6 7. 0-0 b5 8. f4 Qc7 9. Bf3 Bb7 10. f5 e5 11. Nde2 Nbd7 12. g4 Nb6 13. g5 Nfd7 14. Ng3 Be7 15. Bg2 Nc4 16. Kh1 Qb6 17. Qf3 0-0-0 18. b3 Na5 19. Be3 Qc7 20. Bd2 Nc6 21. Nd5 Qb8 22. c4 bxc4 23. Rac1 Nc5 24. b4 Nd4 25. Qg4 Nd3 26. Rxc4+ Kd7 27. f6+ Ne6 28. fxe7 Rc8 29. Nb6+ Kxe7 30. Nf5+ Kd8 31. Nxc8 Bxc8 32. Qe2 Ndf4 33. Qd1 Bd7 34. Bxf4 exf4 35. Nxd6 Ke7 36. Nf5+ Kd8 37. Qd2 Qb5 38. Nd6 Qb6 39. Rd1 Ke7 40. Nf5+ Kf8 41. Qxd7 g6 42. Qe7+ Kg8 43. Rc8+ Nd8 44. Qe8# 1-0

[Event "Vienna State-ch"]
[Site "Vienna"]
[Date "2022.09.17"]
[Round "1"]
[White "Atzl, Florian"]
[Black "Leisch, Lukas"]
[Result "0-1"]
[WhiteElo "2155"]
[BlackElo "2409"]
[PlyCount "78"]
[EventDate "2022.09.17"]
[EventType "tourn"]
[EventRounds "9"]
[EventCountry "AUT"]
[EventCategory "5"]
[SourceTitle "CBM 210 Extra"]
[Source "ChessBase"]
[SourceDate "2022.11.30"]
[SourceVersion "1"]
[SourceVersionDate "2022.11.30"]
[SourceQuality "1"]

1. e4 c5 2. Nf3 d6 3. b3 Nf6 4. Nc3 g6 5. Bb2 Bg7 6. Qe2 0-0 7. g3 Nc6 8. h3 Ne8 9. Bg2 Nc7 10. 0-0 Ne6 11. Nd1 Ned4 12. Nxd4 Nxd4 13. Qd3 Bd7 14. a4 Rc8 15. f4 Qc7 16. Ne3 Ne2+ 17. Qxe2 Bxb2 18. Rab1 Bg7 19. f5 Qd8 20. c3 Bc6 21. Qf3 a6 22. g4 g5 23. h4 Bf6 24. Kf2 gxh4 25. Qf4 e6 26. Rh1 Bg5 27. Qh2 d5 28. e5 b5 29. axb5 axb5 30. Nc2 d4 31. Bxc6 Rxc6 32. Qg2 Ra6 33. Rbd1 Ra2 34. Qe4 Qd5 35. Qxd5 exd5 36. Ne1 dxc3 37. Nf3 h6 38. Nxh4 c2 39. Ra1 Rxa1 0-1

[Event "Titled Tuesday intern op 14th Jun Late"]
[Site "Chess.com INT"]
[Date "2022.06.14"]
[Round "5"]
[White "Bjelobrk, Igor"]
[Black "Atzl, Florian"]
[Result "1-0"]
[WhiteElo "2395"]
[BlackElo "2155"]
[PlyCount "95"]
[EventDate "2022.06.14"]
[EventType "swiss (blitz)"]
[EventRounds "11"]
[EventCountry "USA"]
[SourceTitle "EXT 2023"]
[Source "ChessBase"]
[SourceDate "2022.10.05"]
[SourceVersion "1"]
[SourceVersionDate "2022.10.05"]
[SourceQuality "1"]

1. Nf3 c5 2. c4 Nf6 3. d4 cxd4 4. Nxd4 Nc6 5. Nc3 g6 6. e4 Bg7 7. Be3 d6 8. Be2 0-0 9. 0-0 a5 10. Qd2 a4 11. Rad1 Qa5 12. f3 Re8 13. Rfe1 Nd7 14. Kh1 a3 15. b3 Nb4 16. Ndb5 Ne5 17. Na4 Nbc6 18. Qc1 Nd7 19. Qxa3 Nb4 20. Bd2 Nc2 21. Bxa5 Nxa3 22. Nc7 Rxa5 23. Nxe8 Nc2 24. Rg1 Bd4 25. Rd2 Bxg1 26. Kxg1 Nb4 27. Nc7 Nc5 28. Nxc5 Rxc5 29. Nd5 Nxd5 30. exd5 Bf5 31. Kf2 Kg7 32. Ke3 Kf6 33. Kd4 Ra5 34. a4 Ra8 35. Bd1 e6 36. dxe6 Bxe6 37. Kc3 Rd8 38. Bc2 d5 39. cxd5 Rxd5 40. Rxd5 Bxd5 41. Kd4 Bc6 42. b4 Ke7 43. b5 Bd7 44. Kc5 Bc8 45. Kb6 Kd7 46. Be4 f5 47. Bxb7 Bxb7 48. Kxb7 1-0

[Event "Titled Tuesday intern op 14th Jun Late"]
[Site "Chess.com INT"]
[Date "2022.06.14"]
[Round "1"]
[White "Tica, Sven"]
[Black "Atzl, Florian"]
[Result "1-0"]
[WhiteElo "2451"]
[BlackElo "2155"]
[PlyCount "81"]
[EventDate "2022.06.14"]
[EventType "swiss (blitz)"]
[EventRounds "11"]
[EventCountry "USA"]
[SourceTitle "EXT 2023"]
[Source "ChessBase"]
[SourceDate "2022.10.05"]
[SourceVersion "1"]
[SourceVersionDate "2022.10.05"]
[SourceQuality "1"]

1. d4 c5 2. e3 Nf6 3. c3 e6 4. Nf3 d5 5. Nbd2 Nc6 6. Bd3 Be7 7. 0-0 0-0 8. Qe2 Bd7 9. dxc5 Bxc5 10. e4 dxe4 11. Nxe4 Be7 12. Rd1 Qc7 13. Nxf6+ Bxf6 14. Bxh7+ Kxh7 15. Qe4+ g6 16. Bf4 e5 17. Bg5 Bg7 18. Qh4+ Kg8 19. Bh6 Bf5 20. Ng5 Qe7 21. Bxg7 Kxg7 22. Qh7+ Kf6 23. Qh4 Kg7 24. Qh7+ Kf6 25. h4 Rh8 26. Rd6+ Be6 27. Ne4+ Kf5 28. Qg7 Kxe4 29. Re1+ Kf5 30. Rxc6 Bd7 31. g4+ Kxg4 32. Rxg6+ Kxh4 33. Re4+ Kh5 34. Rg2 Bh3 35. Rxe5+ Qxe5 36. Qxe5+ f5 37. Rg7 Rag8 38. f3 Rxg7+ 39. Qxg7 Rh7 40. Qxh7+ Kg5 41. Qxh3 1-0

[Event "Titled Tuesday intern op 22 Mar Late"]
[Site "Chess.com INT"]
[Date "2022.03.22"]
[Round "5"]
[White "Jeet, Jain"]
[Black "Atzl, Florian"]
[Result "1-0"]
[WhiteElo "2279"]
[BlackElo "2206"]
[PlyCount "89"]
[EventDate "2022.03.22"]
[EventType "swiss (blitz)"]
[EventRounds "11"]
[EventCountry "USA"]
[SourceTitle "CBM 207 Extra"]
[Source "ChessBase"]
[SourceDate "2022.05.31"]
[SourceVersion "1"]
[SourceVersionDate "2022.05.31"]
[SourceQuality "1"]

1. d4 c5 2. dxc5 e6 3. Nf3 Bxc5 4. e4 Nf6 5. Bd3 0-0 6. 0-0 Nc6 7. e5 Ng4 8. Qe2 Qc7 9. Bf4 f6 10. Bg3 Ngxe5 11. Nc3 d6 12. Ne4 Bb6 13. Rad1 Nxf3+ 14. Qxf3 Ne5 15. Qh5 f5 16. Ng5 h6 17. Nh3 Qf7 18. Qe2 Bc7 19. Bb5 Bd7 20. Nf4 Bxb5 21. Qxb5 Rab8 22. Rfe1 g5 23. Ne2 f4 24. Bxf4 gxf4 25. f3 Qg6 26. Kh1 Bb6 27. Rxd6 Nf7 28. Rd7 Rfd8 29. Nxf4 Qg5 30. Rxd8+ Rxd8 31. Qa4 Qg7 32. Nxe6 Qf6 33. Nxd8 Nxd8 34. Qe8+ Kg7 35. Qe4 Nf7 36. Qxb7 Qg6 37. Qe4 Qxe4 38. Rxe4 Nd6 39. Re6 Nc4 40. b3 Na3 41. c4 Nc2 42. Rc6 Nd4 43. Rc8 Ne2 44. c5 Ba5 45. a3 1-0

[Event "Titled Tuesday intern op 22 Mar Late"]
[Site "Chess.com INT"]
[Date "2022.03.22"]
[Round "1"]
[White "Saveliev, Alexei"]
[Black "Atzl, Florian"]
[Result "1-0"]
[WhiteElo "2386"]
[BlackElo "2206"]
[PlyCount "85"]
[EventDate "2022.03.22"]
[EventType "swiss (blitz)"]
[EventRounds "11"]
[EventCountry "USA"]
[SourceTitle "CBM 207 Extra"]
[Source "ChessBase"]
[SourceDate "2022.05.31"]
[SourceVersion "1"]
[SourceVersionDate "2022.05.31"]
[SourceQuality "1"]

1. c4 c5 2. Nf3 Nf6 3. e3 d5 4. d4 cxd4 5. exd4 Bg4 6. Nc3 dxc4 7. Bxc4 e6 8. 0-0 Be7 9. Qa4+ Nbd7 10. Ne5 Bh5 11. Bb5 a6 12. Bxd7+ Nxd7 13. Be3 f6 14. Nd3 0-0 15. Nf4 Bf7 16. Rfd1 Nb6 17. Qc2 Rc8 18. Rac1 Qc7 19. Qe4 Qd6 20. Qxb7 Nc4 21. Ne4 Qb4 22. Qxb4 Bxb4 23. b3 Nxe3 24. fxe3 f5 25. Nc5 Rfe8 26. Nfd3 Ba5 27. Nxa6 Bh5 28. Nac5 Bxd1 29. Rxd1 Bb6 30. b4 Ra8 31. a4 g5 32. a5 Bxc5 33. Nxc5 Rab8 34. Rb1 e5 35. Nd7 exd4 36. exd4 Rbd8 37. Nf6+ Kf7 38. Nxe8 Rxe8 39. a6 Ke7 40. b5 Kd7 41. b6 Kc6 42. b7 Kc7 43. a7 1-0

[Event "Titled Tuesday intern op 08th Mar Early"]
[Site "Chess.com INT"]
[Date "2022.03.08"]
[Round "4"]
[White "Atzl, Florian"]
[Black "P, Komal Kishore"]
[Result "1-0"]
[WhiteElo "2206"]
[BlackElo "2086"]
[PlyCount "53"]
[EventDate "2022.03.08"]
[EventType "swiss (blitz)"]
[EventRounds "11"]
[EventCountry "USA"]
[SourceTitle "CBM 207 Extra"]
[Source "ChessBase"]
[SourceDate "2022.05.31"]
[SourceVersion "1"]
[SourceVersionDate "2022.05.31"]
[SourceQuality "1"]

1. e4 c6 2. d4 d5 3. Nd2 dxe4 4. Nxe4 Bf5 5. Ng3 Bg6 6. h4 h6 7. Nf3 Nd7 8. h5 Bh7 9. Bd3 Bxd3 10. Qxd3 e6 11. Bd2 Ngf6 12. 0-0-0 Qc7 13. Ne4 Nxe4 14. Qxe4 Nf6 15. Qe2 0-0-0 16. c4 c5 17. Bc3 a6 18. Kb1 cxd4 19. Bxd4 Be7 20. Ne5 Rhf8 21. g4 Bd6 22. f4 Kb8 23. g5 Nd7 24. Nxd7+ Rxd7 25. Bxg7 Rg8 26. gxh6 Bxf4 27. h7 1-0

[Event "Titled Tuesday intern op 08th Feb Early"]
[Site "Chess.com INT"]
[Date "2022.02.08"]
[Round "4"]
[White "Atzl, Florian"]
[Black "Carlsson, Ludvig"]
[Result "0-1"]
[WhiteElo "2206"]
[BlackElo "2382"]
[PlyCount "112"]
[EventDate "2022.02.08"]
[EventType "swiss (blitz)"]
[EventRounds "11"]
[EventCountry "USA"]
[SourceTitle "CBM 206 Extra"]
[Source "ChessBase"]
[SourceDate "2022.03.31"]
[SourceVersion "1"]
[SourceVersionDate "2022.03.31"]
[SourceQuality "1"]

1. e4 d5 2. exd5 Qxd5 3. Nc3 Qd8 4. g3 Nf6 5. Bg2 c6 6. Nf3 Bg4 7. b4 a6 8. a4 e6 9. b5 axb5 10. h3 Bxf3 11. Bxf3 Bb4 12. Bb2 Bxc3 13. Bxc3 Rxa4 14. 0-0 Rxa1 15. Qxa1 0-0 16. Qa7 Qc7 17. Bb4 Re8 18. Ra1 Nbd7 19. Ba5 Qc8 20. Qd4 e5 21. Qh4 e4 22. Be2 Ne5 23. Bc3 Qf5 24. Re1 Nd5 25. Bb2 h6 26. Bd1 Nf3+ 27. Bxf3 Qxf3 28. Ba1 Kh7 29. g4 Nf4 30. Qg3 Ne2+ 31. Rxe2 Qxe2 32. Qc3 f6 33. Qd4 Qf3 34. Qd7 Ra8 35. Bc3 b4 36. Bb2 Ra2 37. Qd4 Rxb2 38. Qxb2 Qxh3 39. Qxb4 Qxg4+ 40. Kf1 Qd1+ 41. Kg2 Qxc2 42. Qd4 Qd3 43. Qb2 b5 44. Kg1 c5 45. Qc1 c4 46. Qb2 Qd5 47. Qc3 f5 48. Kg2 e3+ 49. Kf1 exd2 50. Qc2 d1Q+ 51. Qxd1 Qxd1+ 52. Kg2 c3 53. f3 c2 54. Kg3 c1Q 55. Kh4 Qg5+ 56. Kh3 Qh1# 0-1

[Event "Titled Tuesday intern op 08th Feb Early"]
[Site "Chess.com INT"]
[Date "2022.02.08"]
[Round "2"]
[White "Atzl, Florian"]
[Black "Iskusnyh, Sergei"]
[Result "0-1"]
[WhiteElo "2206"]
[BlackElo "2473"]
[PlyCount "68"]
[EventDate "2022.02.08"]
[EventType "swiss (blitz)"]
[EventRounds "11"]
[EventCountry "USA"]
[SourceTitle "CBM 206 Extra"]
[Source "ChessBase"]
[SourceDate "2022.03.31"]
[SourceVersion "1"]
[SourceVersionDate "2022.03.31"]
[SourceQuality "1"]

1. e4 e6 2. d4 d5 3. Nd2 c5 4. exd5 exd5 5. Ngf3 Nc6 6. Bb5 cxd4 7. 0-0 Bd6 8. Re1+ Nge7 9. Nxd4 0-0 10. N2f3 Bg4 11. h3 Bh5 12. Nb3 Bc7 13. Bg5 Qd6 14. Nbd2 h6 15. Be3 Nf5 16. Nf1 Nxe3 17. Rxe3 Rad8 18. Ng3 Bg6 19. Nh4 Bb6 20. Rf3 Nd4 21. Nxg6 Nxf3+ 22. Qxf3 fxg6 23. Qg4 Bxf2+ 24. Kh1 Bxg3 25. Bd3 Rf6 26. Rd1 Rdf8 27. Be2 Kh7 28. Bf3 Rxf3 29. gxf3 Bf4 30. Rg1 Rf5 31. Rd1 Rg5 32. Qh4 Qe6 33. Qxf4 Qxh3+ 34. Qh2 Qxf3+ 0-1

[Event "Titled Tuesday intern op 30th Nov"]
[Site "Chess.com INT"]
[Date "2021.11.30"]
[Round "10"]
[White "Atzl, Florian"]
[Black "Melikhov, Evgeny V"]
[Result "1/2-1/2"]
[WhiteElo "2185"]
[BlackElo "2292"]
[PlyCount "112"]
[EventDate "2021.11.30"]
[EventType "swiss (blitz)"]
[EventRounds "11"]
[EventCountry "USA"]
[SourceTitle "CBM 205 Extra"]
[Source "ChessBase"]
[SourceDate "2022.01.31"]
[SourceVersion "1"]
[SourceVersionDate "2022.01.31"]
[SourceQuality "1"]

1. e4 c5 2. Nf3 d6 3. d4 cxd4 4. Nxd4 Nf6 5. f4 e5 6. Nf3 Nc6 7. Nc3 Bg4 8. Bb5 Qb6 9. Qe2 0-0-0 10. Be3 Nd4 11. Bxd4 exd4 12. Qc4+ Kb8 13. Qxd4 Qxd4 14. Nxd4 a6 15. Bc4 Nxe4 16. Nxe4 d5 17. Bxd5 Rxd5 18. c3 f5 19. Nf2 Bc5 20. Nxg4 Bxd4 21. cxd4 fxg4 22. Rd1 Re8+ 23. Kf2 Re4 24. Kg3 h5 25. Rhe1 Rexd4 26. Rxd4 Rxd4 27. Re2 b5 28. Rf2 b4 29. Kh4 g6 30. Kg5 Rd6 31. f5 gxf5 32. Kxh5 Rd5 33. Kg5 Kb7 34. h4 gxh3 35. gxh3 Rd3 36. h4 Rh3 37. Rxf5 Rh2 38. h5 Rxb2 39. Rf4 Rxa2 40. Rxb4+ Kc6 41. Rh4 Rg2+ 42. Kf4 Rg7 43. h6 Rh7 44. Ke5 Kb5 45. Kd5 a5 46. Rh1 a4 47. Rb1+ Ka5 48. Rh1 Kb4 49. Ke5 a3 50. Kf6 a2 51. Kg6 Rh8 52. Kg7 Rxh6 53. Kxh6 Kb3 54. Kg5 Kb2 55. Kf4 a1Q 56. Rxa1 Kxa1 1/2-1/2

[Event "Titled Tuesday intern op 30th Nov"]
[Site "Chess.com INT"]
[Date "2021.11.30"]
[Round "8"]
[White "Sadovsky, Artem"]
[Black "Atzl, Florian"]
[Result "0-1"]
[WhiteElo "2317"]
[BlackElo "2185"]
[PlyCount "122"]
[EventDate "2021.11.30"]
[EventType "swiss (blitz)"]
[EventRounds "11"]
[EventCountry "USA"]
[SourceTitle "CBM 205 Extra"]
[Source "ChessBase"]
[SourceDate "2022.01.31"]
[SourceVersion "1"]
[SourceVersionDate "2022.01.31"]
[SourceQuality "1"]

1. Nf3 c5 2. g3 Nf6 3. Bg2 Nc6 4. 0-0 d5 5. d3 e6 6. Nbd2 Be7 7. e4 0-0 8. Re1 Qc7 9. c3 dxe4 10. dxe4 Rd8 11. Qc2 Ng4 12. Nc4 b5 13. Ne3 Nge5 14. Nxe5 Nxe5 15. f4 Nd3 16. Rd1 c4 17. b4 Bb7 18. a4 a6 19. axb5 axb5 20. Rxa8 Bxa8 21. e5 Bxg2 22. Qxg2 Nxc1 23. Rxc1 Rd3 24. Qe4 Qb6 25. Kf2 h6 26. Kf3 Bd8 27. Rd1 Rxd1 28. Nxd1 Qg1 29. Qe2 Bb6 30. Nf2 Qxh2 31. Ne4 Qh1+ 32. Qg2 Qd1+ 33. Qe2 Qh1+ 34. Qg2 Qc1 35. Qe2 h5 36. Kg2 h4 37. Nd6 Qg1+ 38. Kf3 Qxg3+ 39. Ke4 Qg6+ 40. f5 exf5+ 41. Kd5 Qe6+ 42. Kc6 Bd8 43. Kxb5 Be7 44. Nxc4 f6 45. Ka4 fxe5 46. Qg2 g5 47. Kb3 g4 48. Qa8+ Kf7 49. Qb7 h3 50. b5 h2 51. b6 e4 52. Qc7 Kf6 53. Qxh2 Qc6 54. Qh8+ Ke6 55. Qe5+ Kd7 56. Qxf5+ Kd8 57. Qxg4 Qb5+ 58. Kc2 Qxc4 59. Qg8+ Qxg8 60. b7 Kc7 61. b8Q+ Kxb8 0-1

[Event "Titled Tuesday intern op 30th Nov"]
[Site "Chess.com INT"]
[Date "2021.11.30"]
[Round "4"]
[White "Santos Flores, Alberto Javier"]
[Black "Atzl, Florian"]
[Result "1-0"]
[WhiteElo "2182"]
[BlackElo "2185"]
[PlyCount "89"]
[EventDate "2021.11.30"]
[EventType "swiss (blitz)"]
[EventRounds "11"]
[EventCountry "USA"]
[SourceTitle "CBM 205 Extra"]
[Source "ChessBase"]
[SourceDate "2022.01.31"]
[SourceVersion "1"]
[SourceVersionDate "2022.01.31"]
[SourceQuality "1"]

1. e4 c5 2. Nf3 e6 3. d3 b5 4. g3 Bb7 5. Bg2 Qc7 6. 0-0 d6 7. Re1 Nd7 8. c3 Ngf6 9. Nbd2 Be7 10. d4 0-0 11. Qe2 a6 12. h4 Rac8 13. Nh2 cxd4 14. cxd4 e5 15. d5 Nc5 16. Ng4 Nxg4 17. Qxg4 Nd3 18. Rd1 Nxc1 19. Raxc1 Qxc1 20. Rxc1 Rxc1+ 21. Kh2 Rfc8 22. Nb3 R1c2 23. Na5 Ba8 24. Nc6 Rc7 25. Nxe7+ Rxe7 26. h5 h6 27. Kg1 Rxb2 28. Qc8+ Kh7 29. Qxa8 Rxa2 30. Bh3 b4 31. Bf5+ g6 32. hxg6+ fxg6 33. Be6 Rg7 34. Qb8 a5 35. Qxd6 b3 36. Qb6 b2 37. Kg2 Re7 38. Qb8 Rg7 39. d6 a4 40. Bxa2 a3 41. Qc8 g5 42. d7 h5 43. d8Q h4 44. Qh8+ Kg6 45. Qf5# 1-0

[Event "AUT-chT2O 1920"]
[Site "Austria"]
[Date "2019.11.17"]
[Round "4.5"]
[White "Atzl, Florian"]
[Black "Wagner, Leopold Franziskus"]
[Result "1/2-1/2"]
[WhiteElo "2175"]
[BlackElo "2098"]
[PlyCount "63"]
[EventDate "2019.10.19"]
[EventType "team-tourn"]
[EventRounds "11"]
[EventCountry "AUT"]
[SourceTitle "CBM 193 Extra"]
[Source "ChessBase"]
[SourceDate "2020.01.31"]
[SourceVersion "1"]
[SourceVersionDate "2020.01.31"]
[SourceQuality "1"]
[WhiteTeam "Wien Ottakring"]
[BlackTeam "Hietzing"]
[WhiteTeamCountry "AUT"]
[BlackTeamCountry "AUT"]

1. Nf3 d5 2. g3 Bg4 3. Bg2 Nd7 4. d4 c6 5. 0-0 Ngf6 6. Nbd2 e6 7. Re1 Bd6 8. c3 0-0 9. e4 Nxe4 10. Nxe4 dxe4 11. Rxe4 Bf5 12. Re1 Qc7 13. Nh4 Rfe8 14. Be3 Nf8 15. Nxf5 exf5 16. f4 Nd7 17. Qc2 g6 18. c4 c5 19. d5 Bf8 20. Bd2 Bg7 21. Bc3 Qd6 22. Bxg7 Kxg7 23. Re2 Rxe2 24. Qxe2 Nf6 25. Qe5 Qb6 26. Rd1 Re8 27. Qc3 Qd6 28. Re1 Rxe1+ 29. Qxe1 Nd7 30. b3 h6 31. h3 Kf8 32. Qc3 1/2-1/2

[Event "AUT-chT2W 1617"]
[Site "Austria"]
[Date "2016.10.30"]
[Round "3.6"]
[White "Herrmann, Michael2222"]
[Black "Atzl, Florian"]
[Result "0-1"]
[WhiteElo "2078"]
[BlackElo "1996"]
[PlyCount "82"]
[EventDate "2016.10.28"]
[EventType "team-tourn"]
[EventRounds "11"]
[EventCountry "AUT"]
[SourceTitle "EXT 2018"]
[Source "ChessBase"]
[SourceDate "2017.10.13"]
[SourceVersion "1"]
[SourceVersionDate "2017.10.13"]
[SourceQuality "1"]
[WhiteTeam "Salzburg ASK"]
[BlackTeam "Kufstein/Woergl"]
[WhiteTeamCountry "AUT"]
[BlackTeamCountry "AUT"]

1. c4 c5 2. g3 Nf6 3. Bg2 d5 4. cxd5 Nxd5 5. Nc3 Nc7 6. Nf3 Nc6 7. 0-0 e5 8. b3 Be7 9. Ne1 0-0 10. Nd3 f6 11. f4 Bf5 12. fxe5 Bxd3 13. Bxc6 bxc6 14. exd3 Qd4+ 15. Kg2 fxe5 16. Rxf8+ Rxf8 17. Qe2 c4 18. Qe3 Bc5 19. Qxd4 Bxd4 20. bxc4 Ne6 21. Rb1 Rf2+ 22. Kh3 h5 23. Ne4 Re2 24. Ba3 g5 25. Nf6+ Kg7 26. Nxh5+ Kg6 27. g4 Rxd2 28. Bd6 Rxd3+ 29. Kg2 Rd2+ 30. Kh1 Nf4 31. Nxf4+ gxf4 32. h4 f3 33. Be7 e4 34. h5+ Kf7 35. Bg5 e3 36. Rb7+ Ke6 37. Re7+ Kd6 38. c5+ Bxc5 39. Bxe3 Rd1+ 40. Kh2 Bxe3 41. Rf7 f2 0-1